Sexually transmitted infections (Record no. 34698)

MARC details
000 -LEADER
fixed length control field 00484nam a2200193Ia 4500
020 ## - INTERNATIONAL STANDARD BOOK NUMBER
ISBN 9780199595655
050 ## - CALL MARK
Classification number RC 200.2 .B37/
100 ## - STATEMENT OF RESPONSIBILITY--MAIN AUTHOR NAME
Personal name Barlow, David M.R.C.P.
245 #0 - TITLE STATEMENT
Title Sexually transmitted infections
250 ## - EDITION / VOLUME STATEMENT
Edition / Volume statement 3rd ed.
260 ## - PUBLICATION, DISTRIBUTION, ETC. (IMPRINT)
Place of publication Oxford
260 ## - PUBLICATION, DISTRIBUTION, ETC. (IMPRINT)
Name of publisher Oxford University Press
260 ## - PUBLICATION, DISTRIBUTION, ETC. (IMPRINT)
Year of publication c2011.
300 ## - PHYSICAL DESCRIPTION
Number of Pages 134 p
650 ## - SUBJECT ADDED ENTRY--TOPICAL TERM
Topical Term Sexually transmitted diseases.
942 ## - ADDED ENTRY ELEMENTS (KOHA)
Koha item type Books
Holdings
Withdrawn status Lost status Source of classification or shelving scheme Damaged status Not for loan Permanent Location Current Location Date acquired Accession Number Price effective from Koha item type
    Library of Congress Classification     NILE UNIVERSITY OF NIGERIA - MAIN LIBRARY NILE UNIVERSITY OF NIGERIA - MAIN LIBRARY 04/23/2025 0000109 04/23/2025 Books